000 00807nam a22002417a 4500
001 BR6002675
003 BR-BrBNA
005 20250130131510.0
007 ta
008 230509b bl.||||| |||| 00| 0 por d
040 _aBR-BrBNA
_bpor
_cBiblioteca Nacional de Agricultura
041 _a(Por)
072 _aE50
_b/G514
110 1 _aInstituto Nacional de Colonizacao e Reforma Agraria, Brasilia, DF (Brasil). Depto. de Desenvolvimento Rural
_96412
245 1 _aCooperativismo. Situacao atual. Metas programadas [Brasil]
260 3 _aBrasilia, DF (Brasil):
_c[nd].
300 _a181 p.
500 _aPublished after 1971; 8 Tables
650 _aSociologia rural
650 _aCooperativa
856 _uhttps://repositorio-dspace.agricultura.gov.br/bitstream/1/459/1/BR6002675.pdf
942 _cBK
_2AGRIS
999 _c11768
_d11768